Ganadores de World Padel Tour (WPT) - Estadísticas

Estadísticas generales
  • Esta prueba ha sido intentada 208 veces
  • La puntuación promedio es 9 de 10
Estadísticas de respuestas
Edición Año Campeones % Correcto
VIII 2020 Alejandro Galán / Juan Lebrón
98%
IX 2021 Alejandro Galán / Juan Lebrón
98%
X 2022 Alejandro Galán / Juan Lebrón
98%
VII 2019 Paquito Navarro / Juan Lebrón
94%
I 2013 Fernando Belasteguín / Juan Martín Díaz
86%
II 2014 Fernando Belasteguín / Juan Martín Díaz
86%
III 2015 Fernando Belasteguín / Pablo Lima
86%
IV 2016 Fernando Belasteguín / Pablo Lima
86%
V 2017 Fernando Belasteguín / Pablo Lima
86%
VI 2018 Maxi Sánchez / Sanyo Gutiérrez
53%
No se encontraron pruebas coincidentes
Distribución de puntuación
Porcentaje de gente con cada puntuación
Porcentaje por número respondido
Historial de tus puntuaciones
No has intentado esta prueba.